[Event "CZE-chT2f 0506"]
[Site "Czech Republic"]
[Date "2005.12.18"]
[Round "5.2"]
[White "Sczepanek, Radoslaw"]
[Black "Slovak, Petr"]
[Result "1-0"]
[WhiteElo "2146"]
[BlackElo "2105"]
[PlyCount "101"]
[EventDate "2005.10.16"]
[EventType "team"]
[EventRounds "11"]
[EventCountry "CZE"]
[SourceTitle "EXT 2009"]
[Source "ChessBase"]
[SourceDate "2008.11.26"]
[SourceVersion "1"]
[SourceVersionDate "2008.11.26"]
[SourceQuality "1"]

1. e4 e6 2. d4 d5 3. Nc3 Bb4 4. e5 c5 5. a3 Ba5 6. b4 cxd4 7. Nb5 Bc7 8. f4 f6 9. Nf3 Nc6 10. Nxc7+ Qxc7 11. Bb5 Bd7 12. Bxc6 Bxc6 13. 0-0 0-0-0 14. a4 g5 15. b5 Be8 16. Ba3 gxf4 17. Bd6 Rxd6 18. exd6 Qxd6 19. Qxd4 Kb8 20. c4 Bf7 21. cxd5 e5 22. Qb2 Ne7 23. a5 Rg8 24. b6 a6 25. Rac1 Nxd5 26. Rfd1 Qe6 27. Qc2 Rc8 28. Qxc8+ Qxc8 29. Rxc8+ Kxc8 30. Nd2 Kd7 31. Ne4 Kc6 32. Rc1+ Kd7 33. Nc5+ Kc6 34. Ne4+ Kd7 35. Nxf6+ Nxf6 36. Rc7+ Ke6 37. Rxb7 Nd7 38. Ra7 Kd6 39. Rxa6 Bd5 40. Ra7 e4 41. b7 Nb8 42. Ra8 Kc7 43. a6 Nxa6 44. Rxa6 f3 45. Rh6 Kxb7 46. Rxh7+ Kc6 47. gxf3 exf3 48. Re7 Kd6 49. Re3 Be6 50. Rxf3 Ke7 51. Kf2 1-0